| 000 | 01388cam a22003737a 4500 | ||
|---|---|---|---|
| 003 | CHAP | ||
| 005 | 20220817043359.0 | ||
| 008 | 971013s1968 r 00010 d | ||
| 010 | _a73823 | ||
| 011 | _a74795 | ||
| 035 | _a84354 | ||
| 040 | _cCHAP | ||
| 090 | _aFolleto 46 | ||
| 100 | 0 | 0 |
_aBarrera Islas, Daniel. _910394 |
| 245 | 0 | _aAspectos de la comercialización de hortalizas en la ciudad de México | |
| 260 |
_aChapingo, Méx. : _bENA. Colegio de Postgraduados. Centro de Economía Agrícola, _c1968 |
||
| 300 | _a40 p. | ||
| 490 | 0 | _aSerie de investigaciones económico-agrícolas | |
| 500 | _aPublicado originalmente como tesis profesional en 1967 | ||
| 590 |
_aBATCH-UPD _b10 _c20130109 _lUCH01 _h2328 |
||
| 590 |
_aBATCH-UPD _b10 _c20130110 _lUCH01 _h0122 |
||
| 590 |
_aBATCH-UPD _b10 _c20130110 _lUCH01 _h2150 |
||
| 590 |
_aBATCH-UPD _b10 _c20130409 _lUCH01 _h1853 |
||
| 590 |
_aBATCH-UPD _b10 _c20130410 _lUCH01 _h1458 |
||
| 590 |
_aBATCH-UPD _b10 _c20130914 _lUCH01 _h0540 |
||
| 590 |
_aCONVERSION _b10 _c20130109 _lUCH01 _h1340 |
||
| 650 | 1 | 4 |
_aLegumbres _xMercadeo _xMéxico. _965747 |
| 830 | 0 | _aSerie de investigaciones económico agrícolas | |
| 901 | _aBK | ||
| 942 | _cFOLL | ||
| 949 |
_aFolleto 46 _bBC _cFOLL _d-39647 _eTS1 _i84354 _mD _si |
||
| 949 |
_aFolleto 46 _bBC _cFOLL _d-39650 _eTS2 _fc.3 _i84354 _mD _si |
||
| 949 |
_aFolleto 46 _bBC _cUACH _d-39649 _eUACH _fc.2 _i84354 _mD _si |
||
| 999 |
_c73823 _d73823 |
||